000
00250nam a2200109Ia 4500
008
220120s9999||||xx |||||||||||||| ||und||
082
_a
621.395 SHA
100
_a
Shasidhar
_9
11402
245
0
_a
VLSI design
260
_b
New Delhi
300
_a
968p.
_b
0
999
_c
136319
_d
136319